|
|
|
|
| LEADER |
01060nam a2200301 a 4500 |
| 001 |
AAL 73 |
| 003 |
BD-DhAAL |
| 005 |
20160209170954.0 |
| 008 |
150204s1991 enkb b 001 0 eng |
| 010 |
|
|
|a 91157406
|
| 020 |
|
|
|a 0803985258
|
| 020 |
|
|
|a 0803984340 (pbk.)
|
| 040 |
|
|
|a DLC
|c DLC
|d BD-DhAAL
|
| 050 |
0 |
0 |
|a JK261
|b .M28 1991
|
| 082 |
0 |
0 |
|a 320.973
|2 20
|
| 999 |
|
|
|c 33571
|d 33571
|
| 999 |
|
|
|c 33571
|
| 100 |
1 |
|
|a Maidment, R. A.
|q (Richard A.)
|9 7895
|
| 245 |
1 |
4 |
|a The American political process /
|c Richard Maidment, Anthony McGrew.
|
| 250 |
|
|
|a 2nd ed.
|
| 260 |
|
|
|a London ;
|a Newbury Park, Calif. :
|b Sage Publications in association with the Open University,
|c 1991.
|
| 300 |
|
|
|a 224 p. :
|b map ;
|c 24 cm.
|
| 504 |
|
|
|a Includes bibliographical references and index.
|
| 541 |
|
|
|e 73
|
| 651 |
|
0 |
|a United States
|x Politics and government.
|9 7896
|
| 700 |
1 |
|
|a McGrew, Anthony G.
|9 7897
|
| 942 |
|
|
|2 ddc
|c BK
|
| 952 |
|
|
|0 0
|1 0
|2 ddc
|4 0
|6 320_973000000000000_MAI
|7 0
|9 52443
|a SCL
|b SCL
|c GEN
|d 2015-02-04
|l 0
|o 320.973 MAI
|p 3020000073
|r 2015-02-04
|t 1
|w 2015-02-04
|y BK
|